000 00448 a2200169 4500
001 68849
020 _a9788508154005
040 _cAnchieta - Itaigara
100 _aTeixeira, Nike
240 1 0 _aChapeuzinho Vermelho; O píncipe-rã ou Henrique de Ferro
_lpor
245 1 0 _aChapeuzinho Vermelho; O píncipe-rã ou Henrique de Ferro
300 _a16
362 0 _a2014
440 1 _aÁtica
650 4 _aLiteratura infanto-juvenil
942 _cBK
999 _c68849
_d68849